[Event "Titled Tue 1st Jul Late"]
[Site "chess.com INT"]
[Date "2025.07.01"]
[Round "2"]
[White "Pribelszky, Bence"]
[Black "Lezcano, Gustavo"]
[Result "1-0"]
[WhiteTitle "IM"]
[WhiteElo "2396"]
[BlackElo "2007"]
[WhiteFideId "769738"]
[BlackFideId "103306"]
[EventDate "2025.07.01"]

1. g3 d5 2. Nf3 Bg4 3. Bg2 Nd7 4. d4 e6 5. O-O Bd6 6. c4 c6 7. Nbd2 Ngf6 8. Qc2
Bf5 9. Qb3 Qb6 10. c5 Qxb3 11. axb3 Bc7 12. b4 O-O 13. Nb1 Bxb1 14. Rxb1 a5 15.
bxa5 Rxa5 16. Bf4 Bxf4 17. gxf4 Ra4 18. e3 Rfa8 19. Ne5 Rb4 20. Ra1 Rb8 21. Rfb1
Nxe5 22. fxe5 Ne4 23. Bxe4 dxe4 24. Kg2 f5 25. exf6 gxf6 26. Kg3 Kf7 27. Kf4 f5
28. Ke5 Rd8 29. Ra7 Rd5+ 30. Kf4 Kf6 31. Ra8 Rd7 32. Rf8+ Kg7 33. Rb8 Kf6 34. h3
Rg7 35. Rf8+ Ke7 36. Rh8 Kf6 37. b3 Rg2 38. Rb2 Kg7 39. Rd8 Kf6 40. Rd7 h6 41.
Rh7 Kg6 42. Rh8 Kg7 43. Re8 Kf7 44. Rd8 Kf6 45. Rd7 Rg6 46. Rh7 b6 47. Ra2 bxc5
48. Raa7 e5+ 49. dxe5+ Ke6 50. Rhe7+ Kd5 51. Rad7+ Rd6 52. Rxd6# 1-0

[Event "Titled Tue 1st Jul Late"]
[Site "chess.com INT"]
[Date "2025.07.01"]
[Round "2"]
[White "Ozkan, Taha"]
[Black "Ragger, Markus"]
[Result "1-0"]
[WhiteTitle "FM"]
[BlackTitle "GM"]
[WhiteElo "2247"]
[BlackElo "2566"]
[WhiteFideId "34577173"]
[BlackFideId "1610856"]
[EventDate "2025.07.01"]

1. d4 Nf6 2. Nf3 g6 3. c4 Bg7 4. Nc3 d5 5. Qb3 dxc4 6. Qxc4 Be6 7. Qb5+ Bd7 8.
Qxb7 Nc6 9. a3 Rb8 10. Qa6 Rb6 11. Qd3 O-O 12. e4 Bg4 13. d5 Bxf3 14. Qxf3 Ne5
15. Qd1 e6 16. Be2 exd5 17. exd5 Rd6 18. O-O Nxd5 19. Nxd5 Rxd5 20. Qa4 Nd3 21.
Be3 c5 22. Bxd3 Rxd3 23. Bxc5 Re8 24. Rad1 Re2 25. b4 h5 26. h3 Ra2 27. Bxa7
Rxd1 28. Rxd1 Rd2 29. Rxd2 Qxd2 30. Qe8+ Kh7 31. Qe3 Qd1+ 32. Kh2 Qd6+ 33. g3 h4
34. Bc5 hxg3+ 35. fxg3 Qd5 36. h4 Qa2+ 37. Qf2 Qxa3 38. Qxf7 Qb2+ 39. Qf2 Qe5
40. Qc2 Qe6 41. h5 Qg4 42. Qxg6+ Qxg6 43. hxg6+ Kxg6 44. b5 Kf5 45. b6 Be5 46.
Kh3 Kg5 47. Be3+ Kf5 48. Bf4 Bd4 49. b7 Ba7 50. b8=Q Bxb8 51. Bxb8 Kg5 52. Bf4+
Kh5 53. g4+ Kg6 54. Kh4 Kh7 55. Kh5 Kg7 56. g5 Kh7 57. g6+ Kg7 58. Be5+ Kf8 59.
Bf6 Kg8 60. Kh6 Kf8 61. Kh7 Ke8 62. g7 Kd7 63. g8=Q Kd6 64. Qd8+ Ke6 65. Qe7+
Kf5 66. Bd4 Kg4 67. Qf6 Kg3 68. Qf5 Kg2 69. Qf2+ Kh3 70. Qg1 Kh4 71. Bf6+ Kh5
72. Qg5# 1-0

[Event "Titled Tue 1st Jul Late"]
[Site "chess.com INT"]
[Date "2025.07.01"]
[Round "2"]
[White "Aaron, Deepak"]
[Black "Filippova, Margarita"]
[Result "1-0"]
[BlackTitle "WFM"]
[WhiteElo "2318"]
[BlackElo "2026"]
[WhiteFideId "2009412"]
[BlackFideId "34199680"]
[EventDate "2025.07.01"]

1. e4 e6 2. d4 d5 3. Nd2 c5 4. exd5 exd5 5. Ngf3 Nc6 6. Bb5 a6 7. Bxc6+ bxc6 8.
O-O Nf6 9. Re1+ Be7 10. dxc5 O-O 11. Nb3 Ne4 12. Be3 a5 13. a4 Bg4 14. h3 Bh5
15. g4 Bg6 16. Ne5 Qc7 17. Bf4 Qb7 18. Qd4 Bf6 19. f3 Ng5 20. Bxg5 Bxg5 21. f4
Bxc2 22. Nxa5 Rxa5 23. fxg5 Rc8 24. b4 Rxa4 25. Rxa4 Bxa4 26. Rf1 Rf8 27. h4 Bb5
28. Rf2 Qe7 29. Kh2 Qe6 30. h5 Qe7 31. g6 hxg6 32. hxg6 f6 33. Nf7 Re8 34. Kg3
Qe3+ 35. Qxe3 Rxe3+ 36. Kf4 Re2 37. Rxe2 Bxe2 38. Nd8 Bb5 39. Kf5 d4 40. Ke4 d3
41. Ke3 Kf8 42. Ne6+ Kg8 43. Nf4 Kf8 44. Nxd3 Ke7 45. Nf4 Ba4 46. Nh5 Kf8 47.
Kd3 Bb5+ 48. Kd4 Be2 49. Nf4 Bxg4 50. Nd3 Ke7 51. Ke4 Bc8 52. Nf4 Bg4 53. Kd4
Bf3 54. Nh3 Bg2 55. Nf4 Bh1 56. Kc4 Be4 57. b5 cxb5+ 58. Kxb5 Kd7 59. Kb6 Bc6
60. Nh5 Be4 61. Nxg7 Bxg6 62. c6+ Kc8 63. Ne6 Be4 64. c7 Bf5 65. Nf4 Kd7 66. Nd5
Kd6 67. Nxf6 Bh3 68. Ne4+ Kd7 69. Ng5 Bg2 70. Nf7 Bh3 71. Ne5+ Kd6 72. Nc4+ Kd7
73. Na5 Kc8 74. Kc6 Bg2+ 75. Kd6 Bh1 76. Nc4 Bg2 77. Nb6+ 1-0

[Event "Titled Tue 1st Jul Late"]
[Site "chess.com INT"]
[Date "2025.07.01"]
[Round "2"]
[White "Schracke, Guido"]
[Black "Mika, Tomasz"]
[Result "1-0"]
[WhiteTitle "CM"]
[BlackTitle "CM"]
[WhiteElo "2138"]
[BlackElo "2227"]
[WhiteFideId "4637054"]
[BlackFideId "1132970"]
[EventDate "2025.07.01"]

1. e4 e6 2. d4 d5 3. e5 c5 4. Nf3 cxd4 5. Bd3 Nc6 6. O-O Nge7 7. Bf4 Ng6 8. Bg3
Be7 9. a3 O-O 10. b4 a6 11. Re1 Bd7 12. Nbd2 Rc8 13. Nb3 Qb6 14. h4 f5 15. exf6
Bxf6 16. Rc1 Rce8 17. h5 Nh8 18. Nc5 Bc8 19. h6 g6 20. Bd6 Rf7 21. Be5 Nxe5 22.
Nxe5 Bxe5 23. Rxe5 Rfe7 24. Qg4 Nf7 25. Rce1 Kh8 26. Qf4 Nxe5 27. Qf6+ Kg8 28.
Rxe5 Rf7 29. Qg5 Qd8 30. Qg3 Qf6 31. Rg5 Kh8 32. Qh4 e5 33. f3 Ref8 34. Be2 Re8
35. Nd3 Rfe7 36. Qg3 Bf5 37. Nc5 Bxc2 38. Bd3 Bxd3 39. Nxd3 e4 40. Nf4 e3 41.
Nxd5 Qe6 42. Nf4 Qd6 43. Nxg6+ Qxg6 44. Rxg6 hxg6 45. Qxg6 e2 46. Qf6+ Kh7 47.
Qf5+ Kxh6 48. Qf6+ Kh7 49. Qf5+ Kg8 50. Qg6+ Kf8 51. Qf6+ 1-0

[Event "Titled Tue 1st Jul Late"]
[Site "chess.com INT"]
[Date "2025.07.01"]
[Round "2"]
[White "Zeliantsova, Kseniya"]
[Black "Habans Aguerrea, Javier"]
[Result "0-1"]
[WhiteTitle "WFM"]
[BlackTitle "IM"]
[WhiteElo "2062"]
[BlackElo "2448"]
[WhiteFideId "13512617"]
[BlackFideId "24524689"]
[EventDate "2025.07.01"]

1. e4 g6 2. d4 Bg7 3. Nf3 c5 4. c3 cxd4 5. cxd4 d5 6. e5 Nc6 7. Nc3 Bg4 8. Bb5
Rc8 9. O-O e6 10. h3 Bxf3 11. Qxf3 Ne7 12. Bg5 Qd7 13. Rad1 a6 14. Bxc6 Rxc6 15.
Na4 b6 16. Qd3 O-O 17. Qxa6 h6 18. Bxe7 Qxe7 19. Qb5 Rfc8 20. Nc3 Qh4 21. Qb3 h5
22. Nb5 Ra8 23. Rc1 Rcc8 24. Rc3 Bh6 25. Rf3 Rf8 26. Rd1 Qe7 27. Rg3 Kg7 28. Rf3
Rac8 29. Nd6 Rc6 30. Qd3 Rc7 31. Rg3 Qd7 32. Rf1 Bf4 33. Rf3 Bh6 34. Rg3 Kh7 35.
f4 Rg8 36. Rgf3 Bf8 37. Nb5 Rc4 38. Kh1 Qxb5 39. f5 exf5 40. Rxf5 gxf5 41. Qxf5+
Rg6 42. Qxf7+ Bg7 43. Qf5 Rc7 44. Qxh5+ Bh6 45. Qf5 Qe8 46. Qd3 Qe6 47. Rf6 Qg8
48. Qf5 Rg7 49. e6 Bg5 50. Rf7 Rxf7 51. exf7 Qf8 52. g4 Kg7 53. Qe5+ Bf6 54.
Qxd5 Qxf7 0-1

[Event "Titled Tue 1st Jul Late"]
[Site "chess.com INT"]
[Date "2025.07.01"]
[Round "2"]
[White "Dzida, Kamil"]
[Black "Motola, Jacopo"]
[Result "1-0"]
[WhiteTitle "IM"]
[BlackTitle "FM"]
[WhiteElo "2411"]
[BlackElo "2330"]
[WhiteFideId "21828652"]
[BlackFideId "863190"]
[EventDate "2025.07.01"]

1. b3 e5 2. Bb2 Nc6 3. e3 d5 4. Bb5 Bd6 5. f4 Qh4+ 6. g3 Qe7 7. fxe5 Bxe5 8.
Bxe5 Qxe5 9. Nc3 Nf6 10. Nf3 Qe7 11. O-O O-O 12. Bxc6 bxc6 13. Qe2 c5 14. Rae1
a5 15. d3 Re8 16. e4 dxe4 17. Nxe4 Nxe4 18. Qxe4 Qxe4 19. Rxe4 Rxe4 20. dxe4 h6
21. Ne5 Be6 22. Nd3 c4 23. Nc5 cxb3 24. axb3 Bh3 25. Ra1 Rd8 26. Nd3 Rd4 27. Nf2
Be6 28. Rxa5 Rd2 29. Rc5 Rd7 30. Nd3 Kf8 31. Kf2 Ke7 32. Ke3 Kd6 33. Ra5 Rd8 34.
Ra6+ Ke7 35. Ra7 Kd6 36. Nb4 h5 37. h4 Rg8 38. Ra6+ Kd7 39. Ra5 f6 40. Rxh5 Bf7
41. Ra5 Re8 42. Nd3 Bg6 43. Ra4 Bf7 44. Rd4+ Kc8 45. g4 Rh8 46. h5 g6 47. hxg6
Bxg6 48. Nf4 Bf7 49. Ra4 Rh1 50. Ra5 Re1+ 51. Kf3 Rf1+ 52. Kg3 Rg1+ 53. Ng2 Rc1
54. Rf5 Rxc2 55. Rxf6 Bxb3 56. g5 c5 57. g6 c4 58. g7 c3 59. e5 Rd2 60. e6 c2
61. g8=Q+ Kc7 62. Rf7+ Kb6 63. Qb8+ 1-0

[Event "Titled Tue 1st Jul Late"]
[Site "chess.com INT"]
[Date "2025.07.01"]
[Round "2"]
[White "Bogaudinov, Rushan"]
[Black "Javakhadze, Zurab"]
[Result "0-1"]
[WhiteTitle "FM"]
[BlackTitle "IM"]
[WhiteElo "1912"]
[BlackElo "2418"]
[WhiteFideId "4129288"]
[BlackFideId "13603647"]
[EventDate "2025.07.01"]

1. e4 g6 2. d4 Bg7 3. Nf3 d6 4. g3 Nf6 5. Nc3 O-O 6. Bg2 Nbd7 7. O-O e5 8. Re1
h6 9. h3 exd4 10. Nxd4 Re8 11. g4 Nc5 12. Bf4 Nfd7 13. Bg3 Ne5 14. f4 Nc4 15.
Rb1 Ne6 16. Nxe6 Bxe6 17. Qd3 Nb6 18. a4 Bc4 19. Qd2 a5 20. b3 Be6 21. Nd5 Bxd5
22. exd5 Qf6 23. Bf2 Nd7 24. Rxe8+ Rxe8 25. Re1 Rxe1+ 26. Qxe1 Qxf4 27. Qe8+ Nf8
28. Qe3 Qxe3 29. Bxe3 b6 30. Kf2 Nd7 31. Ke2 Kf8 32. Kd3 Ke7 33. Bf4 f5 34. gxf5
gxf5 35. Kc4 Ne5+ 36. Kb5 Ng6 37. Bd2 Nh4 38. Bf1 Nf3 39. Bf4 Nd4+ 40. Ka6 Nxc2
41. Kb7 Kd8 42. Bd3 Nd4 43. Bc4 h5 44. Bg5+ Kd7 45. Be3 Be5 46. Bd3 f4 47. Bxd4
Bxd4 48. Bf5+ Kd8 49. Be4 Bc5 50. Bf3 h4 51. Kc6 Ke7 52. Kxc7 Kf6 53. Kc6 Ke5
54. Kb5 Kd4 55. Kc6 Ke3 56. Bg4 f3 57. Bxf3 Kxf3 58. Kb5 Kg3 59. b4 axb4 60. a5
bxa5 61. Kc4 Kxh3 62. Kd3 Kg3 0-1

[Event "Titled Tue 1st Jul Late"]
[Site "chess.com INT"]
[Date "2025.07.01"]
[Round "2"]
[White "Alvarado, Carlos"]
[Black "Kracht, Raphael"]
[Result "1-0"]
[WhiteTitle "CM"]
[BlackTitle "CM"]
[WhiteElo "2032"]
[BlackElo "2195"]
[WhiteFideId "3800555"]
[BlackFideId "16214382"]
[EventDate "2025.07.01"]

1. Nf3 Nf6 2. d4 d5 3. c4 e6 4. Nc3 dxc4 5. Qa4+ c6 6. Qxc4 b5 7. Qb3 a6 8. Bg5
Nbd7 9. e4 h6 10. Bh4 Qa5 11. O-O-O b4 12. Qa4 Qxa4 13. Nxa4 Nxe4 14. Bd3 Nd6
15. Rhe1 Be7 16. Bxe7 Kxe7 17. Nc5 Nb7 18. Ne4 Nf6 19. Ng3 g6 20. Ne5 Bd7 21.
Bxg6 fxg6 22. Nxg6+ Kf7 23. Nxh8+ Rxh8 24. f3 Rg8 25. Rd2 Nd6 26. Ne4 Nf5 27.
Nc5 Bc8 28. Nd3 Nd7 29. Ne5+ Nxe5 30. dxe5 Ke7 31. Re4 c5 32. Rc4 Bb7 33. Rxc5
Rc8 34. Rxc8 Bxc8 35. Kc2 Ne3+ 36. Kb3 Nd5 37. Kc4 Bd7 38. Kc5 Bb5 39. g3 h5 40.
f4 h4 41. f5 h3 42. f6+ Kf7 43. g4 Ne3 44. g5 Ng4 45. Kxb4 Nxe5 46. a4 Bf1 47.
b3 Nf3 48. Rd7+ Ke8 49. Re7+ Kd8 50. g6 Nd4 51. g7 Nc6+ 52. Kc5 Nxe7 53. Kd6
Nf5+ 54. Kxe6 Nh6 55. f7 Bc4+ 56. bxc4 1-0

[Event "Titled Tue 1st Jul Late"]
[Site "chess.com INT"]
[Date "2025.07.01"]
[Round "2"]
[White "Zakin, Ilay"]
[Black "Tekeyev, Zaur"]
[Result "0-1"]
[WhiteTitle "FM"]
[BlackTitle "IM"]
[WhiteElo "2300"]
[BlackElo "2407"]
[WhiteFideId "2848279"]
[BlackFideId "4199731"]
[EventDate "2025.07.01"]

1. e4 e5 2. Nf3 Nc6 3. Nc3 Nf6 4. d4 exd4 5. Nxd4 Bb4 6. Nxc6 bxc6 7. Bd3 O-O 8.
O-O d5 9. exd5 cxd5 10. h3 c6 11. Qf3 Re8 12. Bg5 h6 13. Bh4 Be7 14. Rfe1 Rb8
15. b3 Be6 16. Ne2 Rb4 17. Bg3 Ne4 18. a3 Ng5 19. Qe3 Rb7 20. Nf4 Bf6 21. Rad1
Bd7 22. Qc5 Qb6 23. Qd6 Ne4 24. Bxe4 dxe4 25. Nh5 Be7 26. Qf4 Bxa3 27. Rxe4 Rxe4
28. Qxe4 Bf8 29. Be5 Qb5 30. Kh2 Be6 31. Nf4 Bd5 32. Nxd5 cxd5 33. Rxd5 Qc6 34.
Rd4 Qb6 35. c3 Re7 36. Qf4 Re8 37. Bd6 Rd8 38. Bxf8 Rxf8 39. Rb4 Qc5 40. Rc4 Qb5
41. b4 Qb6 42. Rc5 Qb7 43. Qc7 Qe4 44. Qg3 Qc2 45. Rc4 Re8 46. Rg4 g6 47. Rf4
Re1 48. Rd4 Qc1 49. Qb8+ Kh7 50. Rd7 Rh1+ 51. Kg3 Qxc3+ 52. f3 Qe1+ 53. Kg4 Qe6+
54. Kg3 Qxd7 55. Qf8 Rd1 56. Kf2 Qd2+ 57. Kg3 Qd6+ 0-1

[Event "Titled Tue 1st Jul Late"]
[Site "chess.com INT"]
[Date "2025.07.01"]
[Round "2"]
[White "Kislinsky, Alexey"]
[Black "Amar, Elham"]
[Result "0-1"]
[WhiteTitle "GM"]
[BlackTitle "GM"]
[WhiteElo "2341"]
[BlackElo "2589"]
[WhiteFideId "14108801"]
[BlackFideId "1533533"]
[EventDate "2025.07.01"]

1. d4 Nf6 2. c4 e6 3. Nf3 d5 4. e3 Nbd7 5. Nbd2 c6 6. Bd3 Bd6 7. O-O O-O 8. e4
e5 9. cxd5 cxd5 10. exd5 exd4 11. Ne4 Nxe4 12. Bxe4 Nf6 13. Qxd4 Nxe4 14. Qxe4
Re8 15. Qd4 Bf5 16. Re1 Rxe1+ 17. Nxe1 Qc7 18. Nf3 Rc8 19. Be3 a6 20. h3 h6 21.
a3 Qc2 22. Bf4 Rc4 23. Qxc4 Qxc4 24. Bxd6 Qxd5 25. Bg3 Bxh3 26. gxh3 Qxf3 27.
Rc1 Qe2 28. b4 Qb2 29. Rc8+ Kh7 30. Rc7 Qxa3 31. Rxb7 Kg6 32. Rb6+ f6 33. Kg2 h5
34. h4 Qa2 35. Rd6 Qc4 36. Rb6 Kf5 37. Rb8 g5 38. hxg5 fxg5 39. Rf8+ Kg6 40. Rb8
h4 41. Bh2 Qg4+ 42. Kf1 Qd1+ 43. Kg2 Qg4+ 44. Kf1 h3 45. Ke1 Qg2 46. Rb6+ Kh5
47. Bg3 Qe4+ 48. Kf1 Qh1+ 49. Ke2 Qe4+ 50. Kf1 Qg2+ 51. Ke2 h2 52. Bxh2 Qxh2 53.
Rxa6 Qe5+ 54. Kf3 Qd5+ 55. Ke3 Qb3+ 56. Kd2 Qxb4+ 57. Kd1 Qb1+ 58. Kd2 Qb2+ 59.
Kd1 Qxf2 60. Ra3 Qf1+ 61. Kd2 g4 62. Ra8 Qf2+ 63. Kd1 g3 64. Rh8+ Kg4 65. Rg8+
Kh3 66. Rh8+ Kg2 67. Rd8 Kf1 68. Rd2 Qxd2+ 69. Kxd2 g2 70. Ke3 g1=Q+ 71. Kf3
Qf2+ 72. Kg4 Ke2 73. Kh3 Qg1 74. Kh4 Kf3 75. Kh5 Qg7 76. Kh4 Qh6# 0-1

[Event "Titled Tue 1st Jul Late"]
[Site "chess.com INT"]
[Date "2025.07.01"]
[Round "2"]
[White "Tang, Austin"]
[Black "Stoica, Savas Marin"]
[Result "0-1"]
[WhiteElo "1979"]
[BlackElo "2092"]
[WhiteFideId "30964580"]
[BlackFideId "464309"]
[EventDate "2025.07.01"]

1. d4 Nf6 2. Bg5 g6 3. Bxf6 exf6 4. e3 d5 5. c4 c6 6. Nc3 dxc4 7. Bxc4 f5 8.
Nge2 Bg7 9. O-O O-O 10. Rb1 Nd7 11. b4 a5 12. b5 c5 13. Na4 cxd4 14. Nxd4 Nb6
15. Be2 f4 16. Nc3 fxe3 17. fxe3 Qe7 18. Qd3 Rd8 19. Rbd1 Bd7 20. Bf3 Be8 21.
Rfe1 Rac8 22. Ne4 Nc4 23. Qe2 Ne5 24. Nb3 Qb4 25. Rxd8 Rxd8 26. Rd1 Rxd1+ 27.
Qxd1 Qxb5 28. Nd6 Nxf3+ 29. Qxf3 Qd7 30. Nxb7 a4 31. N3c5 Qc6 32. Qxc6 Bxc6 33.
Na5 Bb5 34. Nab7 Be5 35. g3 Kf8 36. Kf2 Ke7 37. Kf3 Bc3 38. Kf2 Bb4 39. Ne4 Bc6
40. Nbc5 Bxc5 41. Nxc5 Kd6 42. Nd3 Bd5 43. a3 Bc4 44. Nb4 Kc5 45. Kf3 Bb5 46.
Kf4 Kc4 47. Ke5 Kb3 48. Kf6 Kxa3 49. Nc2+ Kb2 50. Nb4 Bc4 51. Kg7 Kb3 52. Nc6 a3
53. Na5+ Kb4 54. Nxc4 Kxc4 55. Kxf7 a2 56. e4 a1=Q 57. e5 Qxe5 58. Kg8 Qh5 59.
Kg7 Qxh2 0-1

[Event "Titled Tue 1st Jul Late"]
[Site "chess.com INT"]
[Date "2025.07.01"]
[Round "2"]
[White "Williams, Justus"]
[Black "Carlsen, Magnus"]
[Result "1/2-1/2"]
[WhiteTitle "IM"]
[BlackTitle "GM"]
[WhiteElo "2355"]
[BlackElo "2837"]
[WhiteFideId "2049929"]
[BlackFideId "1503014"]
[EventDate "2025.07.01"]

1. e4 g6 2. d4 d6 3. Nc3 c6 4. h3 Bg7 5. f4 d5 6. e5 f6 7. Nf3 Nh6 8. Be3 O-O 9.
g4 Na6 10. Qd2 c5 11. dxc5 fxe5 12. Nxe5 Be6 13. Bg2 Nf7 14. Nxf7 Bxf7 15. Nxd5
e6 16. Nc3 Qa5 17. Ne4 Qb5 18. Nd6 Qxb2 19. O-O Bc3 20. Qf2 Nb4 21. Rab1 Qxc2
22. Rfc1 Qxf2+ 23. Bxf2 Bd2 24. Rd1 Bc3 25. Rdc1 Bd2 26. Rd1 Bc3 27. Rb3 Nxa2
28. Rxb7 Rad8 29. Rxa7 Nb4 30. Rc1 Bd2 31. Rc4 Nd3 32. Nxf7 Rxf7 33. Rxf7 Kxf7
34. c6 Ba5 35. Be4 Nxf4 36. c7 Rc8 37. Bb7 Nxh3+ 38. Kg2 Rxc7 39. Rxc7+ Bxc7 40.
Kxh3 Bf4 41. Bh4 h5 42. g5 Kg7 43. Kg2 e5 44. Kf3 Kf7 45. Bd5+ Kg7 46. Ke4 Kf8
47. Be6 Kg7 48. Bc4 Kf8 49. Kd5 Kg7 50. Bd3 Kf7 51. Be4 Bh2 52. Kd6 Bf4 53. Kd7
Bh2 54. Bd5+ Kg7 55. Ke6 Bf4 56. Be4 Bh2 57. Bf2 Bf4 58. Bh4 Bh2 59. Be1 Bf4 60.
Bh4 1/2-1/2

[Event "Titled Tue 1st Jul Late"]
[Site "chess.com INT"]
[Date "2025.07.01"]
[Round "2"]
[White "Sheehan, Ethan"]
[Black "Sabuk, Piotr"]
[Result "1-0"]
[BlackTitle "IM"]
[WhiteElo "2364"]
[BlackElo "2321"]
[WhiteFideId "30943965"]
[BlackFideId "1137565"]
[EventDate "2025.07.01"]

1. d4 Nf6 2. Nf3 d5 3. Bf4 c5 4. e3 Nc6 5. Nbd2 e6 6. c3 cxd4 7. exd4 Nh5 8. Be3
Bd6 9. Bd3 Nf4 10. Bxf4 Bxf4 11. O-O O-O 12. Re1 g6 13. Nf1 Bh6 14. Ne3 Bg7 15.
h4 f6 16. Bc2 Bd7 17. Qd2 Be8 18. Re2 Bf7 19. Rd1 Kh8 20. Ng4 Qd7 21. Qf4 Bg8
22. Nh6 e5 23. dxe5 fxe5 24. Qg5 e4 25. Bxe4 Bxh6 26. Qxh6 Qg4 27. Rxd5 Bxd5 28.
Bxd5 Qh5 29. Qxh5 gxh5 30. Bxc6 bxc6 31. Re5 Rab8 32. b3 Rb5 33. Re6 Ra5 34. a4
Rb8 35. Nd4 Rc5 36. c4 Kg8 37. f4 a5 38. f5 Rd8 39. Nxc6 Rd1+ 40. Kh2 Kf7 41.
Rh6 Rxf5 42. Rxh7+ Kg6 43. Ra7 Rf4 44. Ne5+ Kf6 45. Nf3 Rd3 46. Ra6+ Kg7 47.
Rxa5 Rxb3 48. Rxh5 Rxc4 49. Nd2 Rcb4 50. Nxb3 Rxb3 51. Rb5 Ra3 52. a5 Kg6 53. g3
Ra1 54. Kh3 Ra4 55. Rb6+ Kh5 56. Rb5+ Kh6 57. g4 Ra3+ 58. Kg2 Ra2+ 59. Kf1 Kg6
60. Ke1 Ra4 61. Rg5+ Kh6 62. Kd2 Ra3 63. Kc2 Ra1 64. Kb3 Rb1+ 65. Kc4 1-0

[Event "Titled Tue 1st Jul Late"]
[Site "chess.com INT"]
[Date "2025.07.01"]
[Round "2"]
[White "Donoso Aguirre, Maximiliano"]
[Black "Abdulkadir Mohamed Warsame"]
[Result "1-0"]
[WhiteTitle "CM"]
[WhiteElo "2050"]
[BlackElo "2001"]
[WhiteFideId "3458920"]
[BlackFideId "16100913"]
[EventDate "2025.07.01"]

1. e4 c6 2. Nc3 d5 3. Nf3 Bg4 4. h3 Bxf3 5. Qxf3 e6 6. d4 dxe4 7. Qxe4 Nf6 8.
Qd3 Nbd7 9. Bf4 Be7 10. Be2 a5 11. O-O O-O 12. Bf3 Nd5 13. Nxd5 cxd5 14. c3 a4
15. b3 Qb6 16. c4 axb3 17. axb3 Rxa1 18. Rxa1 Bf6 19. cxd5 exd5 20. Bxd5 Qxd4
21. Qxd4 Bxd4 22. Rd1 Bf6 23. Bxb7 Nc5 24. Bd5 Rd8 25. b4 Na4 26. Bb3 Rxd1+ 27.
Bxd1 Nc3 28. Bf3 Be7 29. Kh2 Bxb4 30. Be3 Nb5 31. g3 Nd6 32. Kg2 Kf8 33. Be2 Ke7
34. Bd3 f5 35. Bf4 g6 36. Bg5+ Ke6 37. Be3 Bc3 38. Bc2 Nc4 39. Bb3 Kd5 40. Kf3
Bd4 41. Bh6 Kc5 42. Bf8+ Kd5 43. Bb4 Bc5 44. Bc3 Bd4 45. Be1 Kc5 46. h4 Ne5+ 47.
Ke2 Nc4 48. Bc2 Ne5 49. Bb1 Kd5 50. Ba2+ Ke4 51. f3+ Nxf3 52. Bb1+ Ke5 53. Kxf3
h6 54. Bd2 h5 55. Bf4+ Kf6 56. Ba2 1-0

[Event "Titled Tue 1st Jul Late"]
[Site "chess.com INT"]
[Date "2025.07.01"]
[Round "2"]
[White "Vargas Pereda, Jesus Manue"]
[Black "Guha, Eshan"]
[Result "0-1"]
[WhiteTitle "CM"]
[WhiteElo "1948"]
[BlackElo "2071"]
[WhiteFideId "5115710"]
[BlackFideId "30958628"]
[EventDate "2025.07.01"]

1. e4 c5 2. d4 cxd4 3. c3 dxc3 4. Nxc3 d6 5. Nf3 Nc6 6. Bc4 e6 7. O-O Nf6 8. Qe2
Be7 9. Rd1 e5 10. h3 O-O 11. Bg5 Be6 12. Bxf6 Bxf6 13. Nd5 Be7 14. a3 Rc8 15.
Rd2 Bg5 16. Rdd1 Kh8 17. Ba2 Bh6 18. Rd3 Ne7 19. Rad1 Ng6 20. Qe1 Rc6 21. Bb1
Nf4 22. Nxf4 Bxf4 23. g3 Bh6 24. Nxe5 Rb6 25. Nf3 Bxh3 26. b4 Qe7 27. Nd4 Bg4
28. f3 Bd7 29. Kg2 g6 30. Qe2 Bg7 31. Rh1 Kg8 32. Rdd1 Rc8 33. Qd2 h5 34. Ne2
Rbc6 35. Nf4 Be6 36. Qd3 Be5 37. Qe2 Qg5 38. Qe3 Rc3 39. Rd3 Rxd3 40. Bxd3 Rc3
41. Kf2 Bxf4 42. gxf4 Qf6 43. Rd1 Rxa3 44. Ke2 Qb2+ 45. Rd2 Qc1 46. f5 Rxd3 47.
Qxd3 Bc4 48. Ke3 Bxd3 49. Kxd3 Qa3+ 50. Ke2 Qxb4 51. fxg6 fxg6 52. Rd5 h4 53.
Ke3 h3 54. Kf4 h2 55. Kg5 h1=Q 56. Kf6 Qxf3+ 57. Ke7 Qfxe4+ 58. Kd7 Qa4+ 59. Kc8
Qee8+ 60. Kc7 Qed7+ 61. Kb8 Qd8+ 62. Kxb7 Qb6+ 63. Kc8 Qe8# 0-1

[Event "Titled Tue 1st Jul Late"]
[Site "chess.com INT"]
[Date "2025.07.01"]
[Round "2"]
[White "Vazelakis, Dimitrios"]
[Black "Rizzo, Tobias"]
[Result "1-0"]
[WhiteElo "1857"]
[BlackElo "1955"]
[WhiteFideId "4203674"]
[BlackFideId "30942691"]
[EventDate "2025.07.01"]

1. d4 f5 2. Nc3 Nf6 3. Bg5 d5 4. Bxf6 exf6 5. e3 Be6 6. Bd3 c6 7. Nf3 Bd6 8. Qd2
Nd7 9. O-O-O b5 10. h3 a5 11. Rdg1 Nb6 12. g4 fxg4 13. hxg4 b4 14. Ne2 Qd7 15.
g5 Nc4 16. Bxc4 dxc4 17. d5 Bxd5 18. Ned4 c5 19. e4 Bxe4 20. Re1 f5 21. Nh4 cxd4
22. f3 c3 23. Qe2 Bf4+ 24. Kb1 Be3 25. fxe4 fxe4 26. Ng2 O-O-O 27. Nxe3 dxe3 28.
Qxe3 Rhe8 29. bxc3 Qb5 30. cxb4 Qxb4+ 31. Ka1 h6 32. Rb1 Qd4+ 33. Qxd4 Rxd4 34.
gxh6 gxh6 35. Rxh6 e3 36. Kb2 e2 37. Re1 Rd1 38. Rhh1 Rd5 39. Rh2 Rb5+ 40. Kc1
Rbe5 41. Kd2 Rd8+ 42. Kc1 Rde8 43. Kd2 Rd5+ 44. Kc1 Kb7 45. Rhxe2 Rxe2 46. Rxe2
Kb6 47. Kb2 Kc5 48. Re4 Rh5 49. Kb3 Kb5 50. a4+ Kb6 51. Kc4 Rc5+ 52. Kb3 Rf5 53.
Kc4 Rc5+ 54. Kd3 Rd5+ 55. Rd4 Rg5 56. c4 Rg3+ 57. Ke4 Ra3 58. Ke5 Re3+ 59. Kd6
Kb7 60. c5 Rh3 61. c6+ Kc8 62. Re4 Rh6+ 63. Kc5 Kc7 64. Re7+ Kd8 65. Ra7 Kc8 66.
Rxa5 Rh5+ 67. Kb6 Rh6 68. Ra8# 1-0

[Event "Titled Tue 1st Jul Late"]
[Site "chess.com INT"]
[Date "2025.07.01"]
[Round "2"]
[White "Sadykov, Ramil"]
[Black "Smieszek, Wojciech"]
[Result "1-0"]
[WhiteTitle "FM"]
[BlackTitle "CM"]
[WhiteElo "2264"]
[BlackElo "2141"]
[WhiteFideId "24113590"]
[BlackFideId "1156047"]
[EventDate "2025.07.01"]

1. e4 c5 2. Nf3 g6 3. c4 Nc6 4. d4 cxd4 5. Nxd4 Nf6 6. Nc3 Nxd4 7. Qxd4 d6 8.
Be3 Bg7 9. f3 O-O 10. Qd2 a5 11. Be2 a4 12. O-O Qa5 13. Rab1 Be6 14. Rfc1 Rfc8
15. b4 axb3 16. axb3 Qb4 17. Rc2 Nd7 18. Nb5 Qxd2 19. Rxd2 Ne5 20. Nd4 Bd7 21.
h3 Nc6 22. Nb5 Nb4 23. Nd4 Ra3 24. Kf2 Rca8 25. f4 Ra2 26. Rbd1 Rxd2 27. Rxd2
Ra3 28. Bd1 Bc6 29. Nxc6 Nxc6 30. Rd5 h5 31. Rb5 Ra1 32. Bf3 Ra2+ 33. Kg3 Nd4
34. Rxb7 Ne2+ 35. Bxe2 Rxe2 36. Kf3 Rb2 37. c5 dxc5 38. Bxc5 e6 39. e5 g5 40.
Bd4 g4+ 41. hxg4 hxg4+ 42. Kxg4 Rxg2+ 43. Kf3 Rd2 44. Ke3 Rd1 45. Ke4 Bh6 46.
Be3 Rb1 47. b4 Kg7 48. b5 Rb4+ 49. Kf3 Kg6 50. b6 f6 51. f5+ Kxf5 52. Bxh6 Rb3+
53. Be3 Kxe5 54. Rd7 f5 55. Ke2 Ke4 56. Bc5 e5 57. b7 Rb2+ 58. Kd1 f4 59. Ba7
Kf3 60. b8=Q Rxb8 61. Bxb8 e4 62. Rf7 e3 63. Rxf4+ 1-0

[Event "Titled Tue 1st Jul Late"]
[Site "chess.com INT"]
[Date "2025.07.01"]
[Round "2"]
[White "Sitbon, Itay"]
[Black "Sindarov, Javokhir"]
[Result "1-0"]
[BlackTitle "GM"]
[WhiteElo "2206"]
[BlackElo "2710"]
[WhiteFideId "2820706"]
[BlackFideId "14205483"]
[EventDate "2025.07.01"]

1. d4 Nf6 2. Nc3 d5 3. Bf4 g6 4. e3 Bg7 5. Nb5 Na6 6. Nc3 Nb8 7. Nb5 Na6 8. Nc3
O-O 9. Bxa6 bxa6 10. Be5 c5 11. dxc5 a5 12. Nge2 Bb7 13. O-O Rc8 14. Na4 Bc6 15.
c3 Qd7 16. b3 Bxa4 17. bxa4 Rxc5 18. Rb1 Rfc8 19. Rb3 Qxa4 20. Rb7 Qxd1 21. Rxd1
e6 22. Rxa7 Ne4 23. Bxg7 Kxg7 24. g3 R8c7 25. Ra6 Rb7 26. f3 Nxc3 27. Nxc3 Rxc3
28. Rd2 Rxe3 29. Rxa5 Ra3 30. Rxa3 Rb1+ 31. Kg2 Kf6 32. Rb3 Ra1 33. a3 Ke5 34.
Re3+ Kd6 35. f4 h6 36. Red3 f6 37. Kf2 g5 38. Kf3 f5 39. fxg5 hxg5 40. Kg2 Ke7
41. Rb3 Re1 42. Ra2 e5 43. a4 e4 44. a5 f4 45. gxf4 gxf4 46. a6 f3+ 47. Kf2 Rh1
48. Kg3 Rg1+ 49. Kh3 Rg8 50. a7 d4 51. Rb8 f2 52. Rxf2 e3 53. a8=Q exf2 54. Qe4+
Kf6 55. Qf4+ Ke6 56. Rxg8 f1=Q+ 57. Qxf1 d3 58. Qe1+ Kd5 59. Rg2 d2 60. Rxd2+ 1-0